Famous People By First Names A-Z #2 - Statistics

General Stats
  • This quiz has been taken 122 times
  • The average score is 19 of 26
Answer Stats
Hint First Names % Correct
P British musician, member of Beatles Paul McCartney
96%
A German scientist, theory of relativity Albert Einstein
95%
B American businessman, founder of Microsoft Bill Gates
94%
D English footballer married to a Spice Girl David Beckham
94%
J U.S. President 1961 – 1963 John F. Kennedy
94%
L Italian, painter, scientist, polymath who painted the Mona Lisa Leonardo Da Vinci
92%
N South African President anti-apartheid campaigner Nelson Mandela
92%
F First pope from the Americas Pope Francis
89%
C Italian explorer who sailed in 1492 Christopher Columbus
88%
R American civil rights activist who refused to give up her seat on the bus Rosa Parks
88%
M American civil rights campaigner with monument in D.C. Martin Luther King
86%
G British author of Animal Farm George Orwell
84%
H U.S. Industrialist who created the assembly line for car manufacturing Henry Ford
84%
W British Prime Minister during WWII Winston Churchill
84%
O American TV presenter, actress, entrepreneur Oprah Winfrey
81%
S Brittish muscian and fomer front man for The Police Sting
78%
E First Lady of Argentina 1946 – 1952 Eva Peron
76%
V Leader of Russian Revolution 1917 Vladimir Lenin
76%
T Macedonian Catholic missionary nun Mother Teresa
75%
I Prime Minister of India 1966 – 1977 Indira Gandhi
68%
K American actress who fell in love with Spencer Tracy Katharine Hepburn
58%
Q Stage name of American singer, songwriter, rapper, actress, record producer and talk show host Queen Latifah
51%
Y The first President of the Palestinian National Authority Yasser Arafat
45%
Z Iranian prophet who founded the religion of Zoroastrianism Zoroaster
36%
X American actor, rapper, broadcaster and host of MTV show Pimp My Ride Xzibit
18%
U Powerful Muslim Caliphate and senior companion of Muhammad Umar ibn al-Khattab
5%
No matching quizzes found
Score Distribution
Percent of People with Each Score
Percentile by Number Answered
Your Score History
You have not taken this quiz